Statistics for NBA: Most 3-Pointers Made (2022-2023 Season)

Click here to take the quiz!

General Stats

  • This quiz has been taken 80 times
  • The average score is 30 of 52

Answer Stats

HintAnswer% Correct
301Klay Thompson
100%
273Stephen Curry
100%
163Jaylen Brown
89%
244Damian Lillard
87%
172Jamal Murray
87%
206Keegan Murray
87%
185Luka Doncic
87%
154Trae Young
87%
240Jayson Tatum
86%
161James Harden
84%
245Donovan Mitchell
81%
288Buddy Hield
80%
214Jordan Poole
79%
188Kyrie Irving
79%
161Tyrese Haliburton
76%
213Anthony Edwards
73%
169Mikal Bridges
73%
158Paul George
73%
169Darius Garland
71%
203Tyler Herro
71%
158Jrue Holiday
70%
211CJ McCollum
67%
194D'Angelo Russell
66%
166Desmond Bane
66%
187Jalen Green
66%
204Zach LaVine
66%
188Michael Porter Jr.
64%
200Lauri Markkanen
63%
218Julius Randle
61%
160Tyrese Maxey
60%
212Anfernee Simons
59%
207Fred VanVleet
57%
160Kyle Kuzma
56%
205Kevin Huerter
54%
165Terry Rozier
50%
155Jordan Clarkson
46%
235Malik Beasley
44%
197Max Strus
41%
181Spencer Dinwiddie
39%
212Tim Hardaway Jr.
37%
166Gary Trent Jr.
31%
168Immanuel Quickley
29%
150Donte DiVincenzo
21%
157Quentin Grimes
21%
157De'Anthony Melton
20%
151Reggie Bullock
20%
163Corey Kispert
16%
151Saddiq Bey
14%
154Georges Niang
13%
202Trey Murphy III
13%
161Isaiah Joe
10%
163Royce O'Neale
10%

Score Distribution

Percentile by Number Answered

Percent of People with Each Score

Your Score History

You have not taken this quiz